000
00304nam a22001337a 4500
020
_a
978-8122472288
041
_a
ENG
100
_a
Rao . C.S
245
_a
Environmental Pollution Control Engineering
260
_a
Delhi
_b
Ageinternational.
_c
1991
300
_a
431
650
_a
FS
856
_u
FS ( 36 )
999
_c
859
_d
859